000 00231 a2200097 4500
001 14703
100 _aAziz A
245 _aPunjab mughaloon kay ahid zawal main
260 _a
_bPunjab research Foundation
_c
090 _c11488
_d11488
942 _aNUST-CAE
_cM
_c1656
999 _c249776
_d249776